000 00525nam a22001817a 4500
005 20251108174649.0
008 250721s2007 xx 000 0 eng d
082 1 4 _aJ/372.24/SHE
100 1 _aal sheikh, fatima
245 1 4 _aThe Four Seasons /
264 1 _aبيروت :
_bدار الرقي للطباعة والنشر والتوزيع,
_c2007.
300 _a63P.
650 1 7 _aCHILDREN
650 1 7 _aLIERNING
653 _aاطفال مرحله متوسطه (6-9) سنوات
942 _2ddc
_cBK
999 _c114825
_d114825